| 000 | 00000nam##2200000za#4500 |
| 001 | 9.571951 |
| 003 | CaOODSP |
| 005 | 20210624182958 |
| 007 | cr ||||||||||| |
| 008 | 150406|1998||||xxc|||||o f|0| 0 eng|d |
| 040 | |aCaOODSP|beng |
| 043 | |an-cn--- |
| 086 | 1 |aC21-27/2-1998E-PDF |
| 110 | 1 |aCanada. |bIndustry Canada. |
| 245 | 10|aCapital investment challenges in Canada / |h[electronic resource]|cby Ronald P.M. Giammarino. |
| 260 | |aOttawa - Ontario : |bIndustry Canada |cNovember 1998. |
| 300 | |a53p.|btables |
| 490 | 1 |aCanada in the 21st century. II, Resources and technology|vNo. 5 |
| 500 | |aThe catalogue number (C21-27/2-1998) and ISBN (0-662-63631-3) for the bilingual print edition have been incorrectly copied in this electronic publication. |
| 504 | |aBibliography. |
| 590 | |a11-24-Supp|b2011-10-24 |
| 690 | 07|aInvestments|2gcpds |
| 720 | 1 |aGiammarino, Ronald P. M. |
| 775 | 08|tInvestissement : les défis à relever au Canada / |w(CaOODSP)9.602371 |
| 776 | 0#|tInvestissement: les défis à relever au Canada / |w(CaOODSP)9.531091 |
| 776 | 0#|tCapital investment challenges in Canada / |w(CaOODSP)9.531090 |
| 830 | #0|aCanada in the 21st century. II, Resources and technology ;|vNo. 5|w(CaOODSP)9.506523 |
| 856 | 40|ahttp://publications.gc.ca|qPDF|s127 KB|uhttps://publications.gc.ca/collections/Collection/C21-27-2-1998E.pdf|yNo. 5 |